Statistics for The Best Ever Greek Cup Final (AEK-Olympiacos)

Click here to take the quiz!

General Stats

  • This quiz has been taken 90 times
  • The average score is 14 of 30

Answer Stats

ClubPositionNationality#GoalsPensName% Correct
OlympiacosStarting XIGoalkeeperGreece712/2Antonis Nikopolidis
92%
AEK AthensStarting XIMidfielderArgentina3290', 107'2/2Ignacio Scocco
83%
AEK AthensStarting XIForwardArgentina184', 8'2/2Ismael Blanco
81%
OlympiacosStarting XIMidfielderArgentina7102'-Luciano Galletti
61%
OlympiacosSubstituteForwardEngland2747', 90+6'-Matt Derbyshire
60%
AEK AthensStarting XIForwardAlgeria10-Rafik Djebbour
60%
AEK AthensStarting XIGoalkeeperArgentina232/2Sebastián Saja
60%
OlympiacosStarting XIDefenderGreece352/2Vassilis Torosidis
57%
AEK AthensManager-Bosnia--Dušan Bajević
56%
OlympiacosManager-Spain--Ernesto Valverde
56%
OlympiacosStarting XIDefenderGreece21-Avraam Papadopoulos
55%
AEK AthensStarting XIMidfielderGreece12/2Pantelis Kafes
55%
OlympiacosSubstituteMidfielderSerbia111/2Predrag Đorđević
55%
OlympiacosStarting XIMidfielderBrazil2072'2/2Dudu
53%
AEK AthensStarting XIDefenderSweden51/2Daniel Majstorović
44%
OlympiacosStarting XIDefenderGreece180/1Paraskevas Antzas
44%
OlympiacosStarting XIForwardBrazil102/2Diogo
41%
AEK AthensStarting XIDefenderGreece310/1Nikolaos Georgeas
41%
AEK AthensSubstituteMidfielderArgentina241/2Agustín Pelletieri
37%
OlympiacosStarting XIDefenderFrance32/2Didier Domi
35%
OlympiacosStarting XIMidfielderArgentina23-Sebastián Leto
35%
AEK AthensStarting XIDefenderGreece25-Sotirios Kyrgiakos
28%
AEK AthensStarting XIMidfielderCanada82/2Tamandani Nsaliwa
28%
OlympiacosStarting XIMidfielderArgentina252/2Fernando Belluschi
24%
OlympiacosStarting XIMidfielderGreece2-Christos Patsatzoglou
21%
AEK AthensStarting XIMidfielderBrazil11-Gustavo Manduca
21%
OlympiacosSubstituteMidfielderSpain82/2Óscar
21%
AEK AthensSubstituteForwardPortugal92/2Edinho
20%
AEK AthensStarting XIDefenderPortugal4-Geraldo Alves
20%
AEK AthensSubstituteDefenderGreece6-Georgios Alexopoulos
12%

Score Distribution

Percentile by Number Answered

Percent of People with Each Score

Your Score History

You have not taken this quiz